Szczegóły MARC21

Przewodnik do ćwiczeń z biomechaniki /

003 -Nazwa inst., której nr kontr. jest w polu 001 [,]
    • @
    • Nazwa instytucji, której n kontrolny jest w polu 001
    • NUKAT
005 -DATA I CZAS OSTATNIEJ MODYFIKACJI [,]
    • @
    • pole kontrolne
    • 20241231105523.0
040 -Instytucja sporządzająca opis [ , ]
    • a
    • Instytucja, która sporządziła opis (NP)
    • KR 122/TZ
    • c
    • Instytucja, która sporządziła rekord (NP)
    • KR 122/TZ
    • d
    • Instytucja, która zmodyfikowała rekord (P)
    • KR 122/MN
    • d
    • Instytucja, która zmodyfikowała rekord (P)
    • KR 122/AKs
    • d
    • Instytucja, która zmodyfikowała rekord (P)
    • KR 122/MN
942 -Rodzaj dokumentu [ , ]
    • c
    • Rodzaj dokumentu
    • Książka
245 -Strefa tytułu i oznaczenia odpowiedzialności [0,0]
    • a
    • Tytuł
    • Przewodnik do ćwiczeń z biomechaniki / Find
    • c
    • Pozostałe elementy strefy tytułu i oznaczenia odpowiedzialności (NP)
    • oprac. zespół pod red. Kazimierza Fidelusa ; [aut. K. Fidelus et al.].
250 -Strefa wydania [ , ]
    • a
    • Oznaczenie wydania (NP)
    • Wyd. 2.
260 -Strefa adresu wydawniczego [ , ]
    • a
    • Miejsce wydania (P)
    • Warszawa :
    • b
    • Nazwa wydawcy (P)
    • Akademia Wychowania Fizycznego,
    • c
    • Data wydania (P)
    • 1977.
300 -Strefa opisu fizycznego [ , ]
    • a
    • Określenie formy książki i/lub objętość (NP)
    • 152 s. :
    • b
    • Oznaczenie ilustracji (NP)
    • il. ;
    • c
    • Format (NP)
    • 23 cm.
336 -Typ zawartości [ , ]
    • a
    • Termin opisujący typ zawartości
    • Tekst
    • b
    • Kod określający zawartość
    • txt
    • 2
    • Źródło (terminu i kodu)
    • rdacontent
337 -Typ mediów [ , ]
    • a
    • Tryb odtwarzania
    • Bez urządzenia pośredniczącego
    • b
    • Kod typu mediów
    • n
    • 2
    • Źródło (terminu i kodu)
    • rdamedia
338 -Typ/rodzaj nośnika [ , ]
    • a
    • Hasło opisujące typ nośnika
    • Wolumin
    • b
    • Kod typu nośnika
    • nc
    • 2
    • Źródło (terminu i kodu)
    • rdacarrier
490 -Strefa serii i książki wielotomowej - forma nie do wyszukiwania [1, ]
    • a
    • Tytuł (P)
    • Zeszyty Naukowo-Metodyczne / Akademia Wychowania Fizycznego ; Find
    • v
    • Numeracja (P)
    • 18
830 -Hasło dodatkowe serii i opisu książki wielotomowej - tytuł ujednolicony/tytuł [ ,0]
    • a
    • Tytuł ujednolicony/tytuł (NP)
    • Zeszyty Naukowo-Metodyczne - Akademia Wychowania Fizycznego
    • x
    • ISSN
    • 0239-8850
    • v
    • Oznaczenie tomu (NP)
    • 18
    • 9
    • KHW
    • 98152
080 -Uniwersalna Klasyfikacja Dziesiętna [ , ]
    • a
    • Symbol klasyfikacji
    • 796.012(082)
650 -Hasło przedmiotowe [ ,7]
    • a
    • Hasło przedmiotowe
    • Biomechanika
    • v
    • Określnik formalny
    • podręczniki akademickie.
    • 2
    • Źródło terminu
    • kaba
    • 9
    • KHW
    • 412774
650 -Hasło przedmiotowe [ ,7]
    • a
    • Hasło przedmiotowe
    • Biomechanika
    • v
    • Określnik formalny
    • zadania i ćwiczenia.
    • 2
    • Źródło terminu
    • kaba
    • 9
    • KHW
    • 446039
980 -Symbol UKD [ , ]
    • a
    • UKD
    • 796.012(082)
700 -Hasło dodatkowe - nazwa osobowa [1, ]
    • a
    • Nazwa osobowa (NP)
    • Fidelus, Kazimierz Find
    • d
    • Daty biograficzne (NP)
    • (1928-1998).
    • 9
    • KHW
    • 17463
710 -Hasło dodatkowe - nazwa ciała zbiorowego [2, ]
    • a
    • Nazwa ciała zbiorowego lub nazwa geograficzna jako pierwszy element (NP)
    • Akademia Wychowania Fizycznego im. gen. broni Karola Świerczewskiego (Warszawa).
    • 4
    • Kod relacji
    • pbl
    • 9
    • KHW
    • 91424
Numer tomu Numer inwentarzowy Status udost. Lokalizacja Powiązanie z serią Sygnatura Data inwentaryzacji
18[a]W.87262-3BG18W.28652001-10-22
18[a]W.87266-3BG22W.28652001-10-22
18[a]W.148384-6BG27W.28652001-10-22
18[a]W.176846-3BG28 2001-10-22
18[a]W.176847-3BG29 2001-10-22
18[a]W.204868-3BG30 2001-10-29
 W.872632BG19W.28652001-10-22
 W.872642BG20W.28652001-10-22
 W.872652BG21W.28652001-10-22
 W.872672BG23W.28652001-10-22
 W.872682BG24W.28652001-10-22
 W.872692BG25W.28652001-10-22
 W.872702BG26W.28652001-10-22
 WFc.9971BM39WFc.112001-10-22
 WFc.601BM37WFc.112001-10-22
 WFc.591BM36WFc.112001-10-22
 WFc.1301BM38WFc.112001-10-22
 WFc.9981BM40Biomechanika 022001-10-22